000 00326 a2200133 4500
001 154442
040 _cEscola São Tomás de Aquino
100 _aMACHADO, Ana Maria
240 1 0 _aPena de pato e de tico-tico
_lpor
245 1 0 _aPena de pato e de tico-tico
362 0 _a2013
697 _a*LITERATURA INFANTIL
942 _cBK
999 _c154442
_d154442